<?xml version="1.0" encoding="UTF-8"?>
<marc:record xmlns:marc="http://www.loc.gov/MARC21/slim">
   <marc:leader>00000nam a2200000 a 4500</marc:leader>
   <marc:datafield ind1="1" ind2=" " tag="100">
      <marc:subfield code="a">Corm, Georges</marc:subfield>
      <marc:subfield code="4">ctb</marc:subfield>
      <marc:subfield code="e">Mitwirkende/-r</marc:subfield>
   </marc:datafield>
   <marc:datafield ind1="1" ind2=" " tag="100">
      <marc:subfield code="a">Krömer, Uta</marc:subfield>
      <marc:subfield code="4">ctb</marc:subfield>
      <marc:subfield code="e">Mitwirkende/-r</marc:subfield>
   </marc:datafield>
   <marc:datafield ind1=" " ind2=" " tag="653">
      <marc:subfield code="a">Geschichte</marc:subfield>
   </marc:datafield>
   <marc:datafield ind1=" " ind2=" " tag="653">
      <marc:subfield code="a">Kulturelle Identität</marc:subfield>
   </marc:datafield>
   <marc:datafield ind1=" " ind2=" " tag="653">
      <marc:subfield code="a">Islambild</marc:subfield>
   </marc:datafield>
   <marc:datafield ind1=" " ind2=" " tag="653">
      <marc:subfield code="a">Cassette</marc:subfield>
   </marc:datafield>
   <marc:datafield ind1=" " ind2=" " tag="653">
      <marc:subfield code="a">Gesellschaft</marc:subfield>
   </marc:datafield>
   <marc:datafield ind1=" " ind2=" " tag="653">
      <marc:subfield code="a">Arbeit / Sonstiges</marc:subfield>
   </marc:datafield>
   <marc:datafield ind1=" " ind2=" " tag="653">
      <marc:subfield code="a">CD</marc:subfield>
   </marc:datafield>
   <marc:datafield ind1="0" ind2="0" tag="245">
      <marc:subfield code="a">Missverständnis Orient</marc:subfield>
   </marc:datafield>
   <marc:datafield ind1="0" ind2="0" tag="245">
      <marc:subfield code="b">die islamische Kultur und Europa ; 1 Komplettsatz (5 Audio-CDs) + 1 Bonus-CD im MP3-Format</marc:subfield>
   </marc:datafield>
   <marc:datafield ind1="0" ind2="0" tag="245">
      <marc:subfield code="c">Georges Corm. Aus dem Franz. von Bodo Schulze. Gelesen von Uta Krömer</marc:subfield>
   </marc:datafield>
   <marc:datafield ind1=" " ind2="1" tag="264">
      <marc:subfield code="a">Daun</marc:subfield>
      <marc:subfield code="b">TechniSat Digital, Div. Radioropa Hörbuch</marc:subfield>
      <marc:subfield code="c">2006</marc:subfield>
   </marc:datafield>
   <marc:datafield ind1="1" ind2=" " tag="520">
      <marc:subfield code="a">Angaben aus der Verlagsmeldung

Missverständnis Orient : Die Islamische Kultur und Europa / von Georges Corm

Für viele Beobachter im Westen bestätigte der 11. September 2001 die angeblich tausendjährige Feindschaft zwischen Orient und Okzident. Georges Corm legt dar, weshalb es sich dabei um einen eingebildeten bzw. herbeigeredeten Gegensatz handelt, der einer bestimmten Interessenpolitik dient. Er zeigt, auf welchen Grundlagen im 19. Jahrhundert die Klischees eines »mystischen, archaischen und irrationalen« Orients entstanden sind, der mit einem rationalen und »modernen« Westen konterkariert wurde. Dabei spart er nicht mit Kritik an denjenigen arabischen Intellektuellen, die - gewollt oder ungewollt - immer wieder neue Nahrung für die westlichen Klischees geliefert haben. Aber er deckt auch die Selbsttäuschungen im modernen westlichen Denken auf, das sich seiner Irrationalität oft einfach nicht bewusst ist und das Missverständnis bezüglich Orient geradezu pflegt. Corm, der in beiden Kulturen zu Hause ist, beschreibt die zahlreichen historischen und kulturellen Berührungspunkte, die reiche gemeinsame Geschichte, die Ost und West verbinden (könnten). Gefragt sind heute mehr denn je die Brückenbauer. Ihnen liefert dieses Hörbuch die guten Argumente.
</marc:subfield>
   </marc:datafield>
   <marc:datafield ind1=" " ind2=" " tag="020">
      <marc:subfield code="a">9783866671362</marc:subfield>
      <marc:subfield code="9">9783866671362</marc:subfield>
   </marc:datafield>
   <marc:datafield ind1=" " ind2=" " tag="020">
      <marc:subfield code="a">3866671369</marc:subfield>
      <marc:subfield code="9">3866671369</marc:subfield>
   </marc:datafield>
   <marc:datafield ind1=" " ind2=" " tag="041">
      <marc:subfield code="a">ger</marc:subfield>
   </marc:datafield>
   <marc:datafield ind1=" " ind2=" " tag="300">
      <marc:subfield code="a">5 CDs, 1 CD (MP3)</marc:subfield>
   </marc:datafield>
</marc:record>
